000 004470000a22001810004500
003 MACL
005 20150825161815.0
008 150825b xxu||||| |||| 00| 0 eng d
040 _aMACL
_cMACL
041 _aEnglish
082 _a720/DES
100 _aDesai, Ziyaud-din A.
_97426
245 _aIndoI̜slamic Architecture
260 _bPublicaton Division
_c1970
_aFaridabad
350 _a5
650 _aArchitecture
_9259
942 _cBK
_k720
_2ddc
999 _c7871
_d7871